Phân tích dữ liệu nghiên cứu với SPSS : Dùng với SPSS các phiên bản 11.5,13,14,15,16. Tập 1

Kaydedildi:
Detaylı Bibliyografya
Yazar: Hoàng, Trọng
Materyal Türü: Sách
Dil:Undetermined
Baskı/Yayın Bilgisi: Hồng Đức 2008
Konular:
Etiketler: Etiketle
Etiket eklenmemiş, İlk siz ekleyin!
Thư viện lưu trữ: Trung tâm Thư viện - Trường Đại học Công nghiệp TP. Hồ Chí Minh
LEADER 00609nam a2200157Ia 4500
001 UIH_00301
008 230809s9999 xx 000 0 und d
082 |a 5.55 
100 |a Hoàng, Trọng 
245 0 |a Phân tích dữ liệu nghiên cứu với SPSS : Dùng với SPSS các phiên bản 11.5,13,14,15,16. Tập 1 
245 0 |c Hoàng, Trọng 
260 |b Hồng Đức 
260 |c 2008 
650 |a Xử lý dữ liệu;SPSS (Chương trình thống kê); 
927 |a Sách 
980 |a Trung tâm Thư viện - Trường Đại học Công nghiệp TP. Hồ Chí Minh